000 01156cam a2200145 4500500
005 20260405051019.0
041 _afre
042 _adc
100 1 0 _aBarou, Vincent
_eauthor
700 1 0 _aTing, Benjamin
_eauthor
245 0 0 _aFluctuations et crises économiques
260 _bArmand Colin,
_c2015.
520 _aPourquoi des crises économiques se produisent-elles ? Comment les comprendre ? Et surtout comment en sortir ? Après un rappel des premiers travaux des économistes du XIXe siècle et du début du XXe siècle, ce manuel présente les développements théoriques récents, appliqués à l’expérience des grandes crises mondiales, de la Grande Dépression de 1929 aux prolongements actuels de la Crise de 2008. En articulant étroitement les approches historiques et théoriques, il étudie les facteurs déclencheurs (monétaires, psychologiques...) et amplificateurs (rigidités nominales, crédit...) des fluctuations économiques et analyse également les politiques économiques contra-cycliques.
856 4 1 _uhttps://shs.cairn.info/fluctuations-et-crises-economiques--9782200611521?lang=fr&redirect-ssocas=7080
999 _c2174684
_d2174684